Tek kanatla kuş uçmaz : (Record no. 15189)

MARC details
000 -BAŞLIK
Sabit Uzunlukta Kontrol Alanı 00767nam a22002297a 4500
999 ## - SİSTEM KONTROL NUMARALARI (KOHA)
Koha Biblionumber 15189
Koha Biblioitemnumber 15189
003 - KONTROL NUMARASI IDENTIFIER
Denetim Alanı MIRAKIL
005 - SON İŞLEM TARİHİ VE ZAMANI
Denetim Alanı 20230301135432.0
008 - SABİT-BOY VERİ ELEMANLARI - GENEL BİLGİLER
Sabit Uzunlukta Kontrol Alanı 230301b tu ||||| |||| 00| 0 tur d
020 ## - ULUSLARARASI STANDART KİTAP NUMARASI
Uluslararası Standart Kitap Numarası 9786057424419
040 ## - KATALOGLAMA KAYNAK
Orijinal Kataloglama Ajansı TR-AnCHP
Metne Dönüştürmek Ajansı TR-AnCHP
041 ## - DİL KODU
Metin / Ses Parça Veya Ayrı Başlığın Dil Kodu tur
082 ## - DEWEY ONLU SINIFLANDIRMA NUMARASI
Sınıflandırma Numarası 650.1
Ürün Numarası T76t 2021
100 ## - ANA GİRİŞ - KİŞİSEL İSİM
Kişisel Ad Törüner, Yaman
245 10 - BAŞLIK TABLOSU
Başlık Tek kanatla kuş uçmaz :
Başlığın Kalan hayallerindeki sen için ihtiyacın olan her şey! /
Sorumluluk Tablosu, Vb Yaman Törüner
246 ## - UNVAN FORM VARYING
Başlık Doğru / Kısa Başlığı hayallerindeki sen için ihtiyacın olan her şey!
260 ## - YAYIN, DAĞITIM, VB
Yayın, Dağıtım, Vb Yeri İstanbul :
Yayıncı, Dağıtıcı, Vs Adı Scala Yayıncılık,
Yayın, Dağıtım, Vb Tarihi 2021.
300 ## - FİZİKSEL TANIM
Kapsam 401 s.:
Boyutlar 19 sm.
500 ## - GENEL NOT
Genel Not Yapıt yazarından imzalıdır.
650 #0 - KONU KATMA GİRİŞ - TOPİKAL DÖNEM
9 (RLIN) 5435
Topikal Süreli Veya Coğrafi Ad Giriş Elemanı Başarı, iş yaşamında
740 ## - KATMA GİRİŞ - KONTROLSUZ İLGİLİ / ANALİTİK BAŞLIK
Kontrol Edilmeyen / İlgili Analitik Başlıktaki hayallerindeki sen için ihtiyacın olan her şey!
942 ## - EKLENDİ GİRİŞ ELEMANLARI (KOHA)
Sınıflandırma Veya Raf Düzeni Kaynak Dewey Decimal Classification
Koha Öğesi Türü Books
Holdings
Kalıcı Konum Mevcut Konum Edinme Tarihi Toplam Check-Out'Lar Tam Çağrı Numarası Barkod Tarih Son Görülme İtibaren Geçerli Fiyatlar Koha Öğesi Türü
CHP Kütüphanesi CHP Kütüphanesi 03/01/2023   650.1 T76t 2021 020768 03/01/2023 03/01/2023 Books